Регионална библиотека "Любен Каравелов" - Русе

Этюды для фагота (Запис номер 350178)

MARC детайли
000 -Лидер
Контролно поле с фиксирана дължина 00977ncm a2200277 c 4500
003 - Код на организацията, давaща контролен номер
Контролно поле BLK
005 - Дата и час на последна редакция
Контролно поле 20200427155657.0
008 - Елементи от данни с фиксирана дължина
fixed length control field 180414b bul |a|er|||| |0| c|bulo|
010 ## - Наследен системен номер
LC control number NOT00001233000
040 ## - Източник на каталожния запис
Идентификатор на билиотеката - собственик на записа BLK
041 ## - Код за език
Код за езика на текст/звукозапис или на отделно заглавие Руски
Код за езика КДБФ Руски
080 ## - УДК
Текстов определител УДК Фагот. Етюди, школи, учебна литература
УДК код - определител по УДК 788.8.087.5
УДК - код + определител 788.8.087.5
139 ## - Редно поле
Редна дума Етюди
Авторски знак Ет - Е 94
245 10 - Сведения за заглавието
Заглавие Этюды для фагота
Подзаглавни данни 1-4 год обучения
Редно поле (дума) состав. Роман Павлович Терехин.
257 ## - Страна на издаване
Страна на създаване/издаване Русия
260 ## - Област на издателските данни
Име на издателя, разпространителя и проч. Музыка
Година на издаване 1983
9 (RLIN) 402764
Място на издаване, разпространение и проч. Москва
300 ## - Физическа характеристика
Страници 46 с.
Размери/Мащаб 30 см
380 ## - Жанр
Жанр Изкуство
650 #7 - Допълнително описание по предмет – тема
Основно описание – тема или топоним Фагот
9 (RLIN) 175128
653 #7 - Ключова дума – ненормативна
9 (RLIN) 199160
Ключова дума фагот
653 #7 - Ключова дума – ненормативна
9 (RLIN) 186510
Ключова дума етюди
700 ## - Други автори (авторска отговорност)
9 (RLIN) 1412
Лично име Терехин, Роман Павлович
Автороска отговорност (Описва отношението между автора и произведението) состав.
852 ## - Местоположение
Форматна сигнатура ЦБ М ІІ 9041
Част 0
856 4# - Електронен адрес и достъп
Електронен формат pdf - файл
Път до файла /url/
856 4# - Електронен адрес и достъп
Електронен формат pdf - файл
Път до файла /url/
999 ## - СИСТЕМНИ КОНТРОЛНИ НОМЕРА
Koha biblionumber 350178
Koha biblioitemnumber 350178
942 ## - АРТИКУЛИ
Вид на библиотечния материал Нотни издания
Скрит в OPAC Не
Периодичен библиозапис Да
944 ## - СЪЗДАВАНЕ И РЕДАКЦИЯ на ЗАПИСА
Създаване/Редакция Създаване
Дата на регистрацията/редакция 15.06.2005
Служител, извършил регистрацията/редакцията Валя_Йорданова
944 ## - СЪЗДАВАНЕ И РЕДАКЦИЯ на ЗАПИСА
Създаване/Редакция Редакция
Дата на регистрацията/редакция 21.02.2011
999 ## - СИСТЕМНИ КОНТРОЛНИ НОМЕРА
Koha biblioitemnumber 350178
999 ## - СИСТЕМНИ КОНТРОЛНИ НОМЕРА
Koha biblioitemnumber 350178
999 ## - СИСТЕМНИ КОНТРОЛНИ НОМЕРА
Koha biblioitemnumber 301487
Наличности
Код за отписване Код за изгубен артикул Източник на класификационната схема Код за повреда Коз за рестрикции Код за отдаване Артикулен № Име на библиотеката - собственик Име на библиотеката, в която се намира в момента Статус (Текущо местоположение) Дата на вписване в системата Местоположение - отдел Цена в лева Инвентарен номер Систематично азбучна сигнатура Баркод Цена в евро Служебен тип на артикула
  Не е изгубен Universal Decimal Classification Не е повреден без рестрикции заемане за дома 757780 Регионална библиотека "Любен Каравелов" Русе Регионална библиотека "Любен Каравелов" Русе Отдел Изкуство - подръчен фонд 2020-04-02 Отдел Изкуство - подръчен фонд 0.52 372808 788/Е 94 120000372808 0.27 Нотни издания
  Не е изгубен Universal Decimal Classification Не е повреден без рестрикции заемане за дома 757781 Регионална библиотека "Любен Каравелов" Русе Регионална библиотека "Любен Каравелов" Русе Отдел Изкуство - подръчен фонд 2020-04-02 Отдел Изкуство - подръчен фонд 0.52 372807 788/Е 94 120000372807 0.27 Нотни издания
Vip Innovations Ltd, Rousse, Bulgaria 2025